India analysed / (Record no. 28909)

MARC details
000 -LEADER
fixed length control field 03784nam a22004575a 4500
005 - DATE AND TIME OF LATEST TRANSACTION
control field 20090804144931.0
008 - FIXED-LENGTH DATA ELEMENTS--GENERAL INFORMATION
fixed length control field 090319s2009 ii g 000 0deng
010 ## - LCCN (DPL NO)
LC control number ENG-94649
020 ## - INTERNATIONAL STANDARD BOOK NUMBER
International Standard Book Number 9780195698930
Terms of availability 395.00
020 ## - INTERNATIONAL STANDARD BOOK NUMBER
International Standard Book Number 0195698932
Terms of availability 395.00
035 ## - SYSTEM CONTROL NUMBER
System control number EN-78182
035 ## - SYSTEM CONTROL NUMBER
System control number B-360812-820
037 ## - SOURCE OF ACQUISITION
Stock number DBAD / PUB
037 ## - SOURCE OF ACQUISITION
Stock number Uppal Book Store
040 ## - CATALOGING SOURCE
Original cataloging agency dpl
Language of cataloging English
082 ## - DEWEY DECIMAL CLASSIFICATION NUMBER
Classification number 150.195092
100 ## - MAIN ENTRY--PERSONAL NAME
Personal name Kakar, Sudhir
9 (RLIN) 28854
245 ## - TITLE STATEMENT
Title India analysed /
Statement of responsibility, etc by Sudhir Kakar in conversation with Ramin Jahanbeglo
260 ## - PUBLICATION, DISTRIBUTION, ETC. (IMPRINT)
Place of publication, distribution, etc New Delhi
Name of publisher, distributor, etc Oxford University Press
Date of publication, distribution, etc 2009
270 ## - ADDRESS
Address YMCA Library Building, Jai Singh Road,
City New Delhi
Postal code 110001
300 ## - PHYSICAL DESCRIPTION
Extent xvi, 90 p.
Dimensions 22cm(Hb)
600 ## - SUBJECT ADDED ENTRY--PERSONAL NAME
Personal name Kakar, Sudhir
Form subdivision Interviews.
9 (RLIN) 28855
650 ## - SUBJECT ADDED ENTRY--TOPICAL TERM
Topical term or geographic name as entry element Psychoanalysts
Geographic subdivision India
Form subdivision Interviews.
9 (RLIN) 28856
651 ## - SUBJECT ADDED ENTRY--GEOGRAPHIC NAME
Geographic name Social psychology
Geographic subdivision India
Form subdivision Miscellanea.
9 (RLIN) 28857
700 ## - ADDED ENTRY--PERSONAL NAME
Personal name Jahanbegloo, Ramin
9 (RLIN) 28858
942 ## - ADDED ENTRY ELEMENTS (KOHA)
Source of classification or shelving scheme Dewey Decimal Classification
Item type English Books
Classification part 150.195092
Call number suffix KAK
Holdings
Withdrawn status Lost status Source of classification or shelving scheme Damaged status Not for loan Collection code Home library Current library Date acquired Source of acquisition Cost, normal purchase price Total Checkouts Full call number Barcode Date last seen Copy number Cost, replacement price Koha item type Total Renewals
    Dewey Decimal Classification     Non-fiction Andrews Gunj Andrews Gunj 26/03/2010 Uppal Book Store/9013/26.10.09/128/16.10.09/26.10.09 395.00   150.195092 KAK B-360817 26/03/2010 1 395.00 English Books  
    Dewey Decimal Classification     Non-fiction Central Library Central Library 26/03/2010 Uppal Book Store/9013/26.10.09/128/16.10.09/26.10.09 395.00   150.195092 KAK B-360812 26/03/2010 1 395.00 English Books  
    Dewey Decimal Classification     Non-fiction Central Library Central Library 27/06/2011 Allied Pub/2951/29.3.11/78/14.3.11/31.3.11 395.00 3 150.195092 KAK B-430950 28/02/2023 1 395.00 English Books 2
    Dewey Decimal Classification   Not For Loan Non-fiction D.B.Act.Division D.B.Act.Division 04/08/2009 DBAD / PUB 395.00   150.195092 KAK EN-78182 04/08/2009 1 395.00 English Books  
    Dewey Decimal Classification     Non-fiction Janak Puri Janak Puri 26/03/2010 Uppal Book Store/9013/26.10.09/128/16.10.09/26.10.09 395.00 1 150.195092 KAK B-360814 16/05/2011 1 395.00 English Books  
    Dewey Decimal Classification     Non-fiction Karol Bagh Karol Bagh 26/03/2010 Uppal Book Store/9013/26.10.09/128/16.10.09/26.10.09 395.00   150.195092 KAK B-360819 26/03/2010 1 395.00 English Books  
    Dewey Decimal Classification     Non-fiction Patel Nagar Patel Nagar 26/03/2010 Uppal Book Store/9013/26.10.09/128/16.10.09/26.10.09 395.00   150.195092 KAK B-360813 26/03/2010 1 395.00 English Books  
    Dewey Decimal Classification     Non-fiction R.K.Puram-8 R.K.Puram-8 26/03/2010 Uppal Book Store/9013/26.10.09/128/16.10.09/26.10.09 395.00   150.195092 KAK B-360816 26/03/2010 1 395.00 English Books  
    Dewey Decimal Classification     Non-fiction Sarojini Nagar Sarojini Nagar 26/03/2010 Uppal Book Store/9013/26.10.09/128/16.10.09/26.10.09 395.00 1 150.195092 KAK B-360815 31/01/2020 1 395.00 English Books 1
    Dewey Decimal Classification     Non-fiction Sarojini Nagar Sarojini Nagar 27/06/2011 Allied Pub/2951/29.3.11/78/14.3.11/31.3.11 395.00 2 150.195092 KAK B-430951 07/10/2019 1 395.00 English Books 1
    Dewey Decimal Classification     Non-fiction Shahdara Branch Shahdara Branch 26/03/2010 Uppal Book Store/9013/26.10.09/128/16.10.09/26.10.09 395.00   150.195092 KAK B-360820 26/03/2010 1 395.00 English Books  
    Dewey Decimal Classification     Non-fiction Vinoba Puri Vinoba Puri 26/03/2010 Uppal Book Store/9013/26.10.09/128/16.10.09/26.10.09 395.00 1 150.195092 KAK B-360818 03/04/2019 1 395.00 English Books 2

© Delhi Public Library
Hit Counter
free hit counter